| 000 | 00732nam a2200265Ia 4500 | ||
|---|---|---|---|
| 001 | Z_2523 | ||
| 003 | CHAP | ||
| 008 | 220113s1947 xx 000 0 und d | ||
| 010 | _a165582 | ||
| 040 | _cCHAP | ||
| 082 | _a574.192 H3y 1947 | ||
| 100 |
_aHawk, Philip B _953134 |
||
| 245 |
_aQuímica fisiológica práctica / _cpor Philip B Hawk, Bernard L.Oser y William H. Summerson |
||
| 260 |
_aMéxico, D. F. : _bInteramericana, _c1947 |
||
| 300 |
_a1269 p. : _bilus. |
||
| 500 | _aTrad. De : la 12 ed. En inglés de 1947 | ||
| 650 |
_aBioquímica _912849 |
||
| 650 |
_aQuímica fisiológica I. t. _9139507 |
||
| 901 | _a574.192 H3Y 1947 | ||
| 902 | _aM | ||
| 910 | _a1947 | ||
| 942 | _c1 | ||
| 942 | _cc1 | ||
| 999 |
_c165582 _d165582 |
||